[Event "Turnier 40 / 120"]
[Site "Wien"]
[Date "2023.??.??"]
[Round "42"]
[White "ChessGenius Exclusive 300 MHz"]
[Black "Tasc R40 V2.50 Phoenix"]
[Result "0-1"]
[WhiteElo "2405"]
[BlackElo "2401"]
[Annotator "Christian"]
[PlyCount "74"]
[EventDate "2023.??.??"]

{[%evp 0,37,19,29,23,17,20,14,22,46,-1,44,37,21,15,10,17,43,67,69,69,37,8,30,5,-28,-39,-67,-87,-76,-77,-78,-78,-67,-67,-89,-80,-81,-102,-82]} 1. Nf3 d5 {Runde 42: Damenbauernspiel / In dieser Runde eine ganz schwache Vorstellung von MCGE, die man ihm aber auch mal verzeihen muss, er hat in letzter Zeit fast zu gut abgeschnitten, auch das war aus statistischer Wahrscheinlichkeit schon mal fällig, der 1. Sieg von Tasc R40 V 2.5 seit Runde 28 (14 Runden hat es gedauert bis zum nächsten Sieg). Rettet den Wettkampf auch nicht mehr, aber immerhin ein Lebenszeichen und der Ausgleich der Staffel. Stand: 25,5 : 16,5 : MCGE 300 MHZ (60,71 %)} 2. d4 Nc6 {Buchende} 3. Bf4 {Buchende} f6 {Buchbewertung Tasc R40 V 2.5: -0,22} 4. e3 {Buchbewertung MCGE: +0,62 / lt. Komodo steht Weiss etwas besser mit ca. +0,50} g5 5. Bg3 g4 {dieser Vorstoss ist voreilig und nicht zu empfehlen, Komodo -1,00, deutlich besser ist h5} 6. Nfd2 {besser ist Sh4, Komodo +0,60} e5 7. Bb5 {besser ist dxe5, nach dem Textzug steht Weiss nur noch eine Nuance besser mit ca. +0,20} exd4 8. exd4 Qe7+ 9. Kf1 {besser ist Le2, die Stellung ist im Lot} Bf5 10. Nc3 O-O-O 11. Bxc6 $2 {weniger gut, danach steht Schwarz bereits etwas besser, Komodo -0,50, besser ist Sb3 mit Ausgleich} bxc6 12. Rb1 $2 {ein schlechter Zug, der Schwarz bereits klar in Vorteil bringt, Komodo -1,20, deutlich besser ist Sa4 oder Sb3} h5 $1 {richtig} 13. b4 $4 {ein Verlustzug !!, MCGE hat völlig den Überblick verloren und trifft eine Fehlentscheidung nach der anderen, nach dem Textzug ist die Partie bereits klar verloren, Komodo -2,20, deutlich besser ist Lf4 mit ca. -1,20, allerdings muss man wieder dazusagen aus Sicht der Top-Engine, Tasc R40 wird es noch gewinnen müssen da muss man noch abwarten, erledigt ist es noch nicht} ({Leptir Analyzer-avx2:} 13. Nb3 Qh7 14. Rc1 h4 15. Bf4 Re8 16. Qd2 h3 17. Rg1 hxg2+ 18. Rxg2 Nh6 19. Re1 Rxe1+ 20. Qxe1 Nf7 21. Qe2 Nd8 22. Ke1 Bxc2 23. Rxg4 Bd3 24. Qe3 Bf5 25. Rg1 Ne6 26. Kd1 Kd7 27. Kc1 Nxf4 28. Qxf4 {[%eval -126,30]}) 13... h4 14. Bf4 Bh6 15. Bxh6 Nxh6 16. b5 cxb5 17. Rxb5 c6 18. Rc5 Rhe8 19. Ne2 Kc7 20. Nf4 Bc8 21. Ra5 {also in dieser Stellung ist MCGE wahrlich ahnungslos, er bewertet sich hier sogar leicht positiv mit +0,28 / in Wahrheit ist die Partie hier bereits hoffnungslos verloren, Tasc R40 hat sehr gut gespielt und den Vorteil weiter ausgbaut / Komodo -3,00 !!} Kb8 $1 {Tasc R40 V 2.5: +0,75 jeder Zug sitzt hier, wieder die beste Fortsetzung !, Komodo +3,20} 22. Qc1 Nf5 $1 {stark, wieder der beste Zug, Komodo +3,80} 23. Ra4 a5 24. Qb1+ Ka7 25. Qd1 {Komodo -5,00, da ist nichts mehr zu retten für Weiss} Ba6+ 26. Nd3 Kb6 27. Nb3 Bb5 $1 {echt stark, neuerlich der beste Zug !, Komodo +6,00} 28. Rxa5 {etwas besser ist noch Sbc5, aber hier ist ohnehin nichts mehr zu retten, Komodo -7,00} Nxd4 $4 {ein ganz schlechter Zug, der den Vorteil von Schwarz halbiert, Komodo +3,50 (dennoch steht Schwarz klar auf Gewinn), sofort gewonnen hätte Lxd3 mit +7,00} 29. Nxd4 Kxa5 30. Nxb5 cxb5 31. Qxg4 {der Vorteil von Schwarz ist wieder kräftig angewachsen, Komodo -5,00} Rc8 32. Qd1 Qc7 33. g3 Qxc2 $2 {ein Katastrophenzug, der ganze 7 Bauerneinheiten !! einbüsst, dennoch kann sich Schwarz auch das leisten und steht weiterhin klar auf Gewinn, Komodo +3,00, die Fortsetzung h3 !! hätte Komodo bereits mit +10,00 bewertet} ({Dragon 3.1 by Komodo Chess 64-bit: 1)} 33... h3 34. Qd2+ Qc3 35. Qxc3+ Rxc3 36. Nf4 Rxc2 37. Nxh3 Rc1+ 38. Kg2 Rxh1 39. Kxh1 Kb4 40. Nf4 Kc4 41. g4 d4 42. Ng2 d3 43. h3 d2 44. Kh2 Ra8 45. Ne3+ Kd3 46. Nd5 Ke2 47. Kg3 Ra3+ 48. Kh4 Kxf2 49. Kh5 Rd3 50. Nb4 Rxh3+ 51. Kg6 Kf1 52. Nc2 Rf3 53. Nd4 Rd3 54. Nb3 Rxb3 55. axb3 Ke2 56. Kxf6 b4 57. Ke6 Kd1 58. Kd5 Kc2 {[%eval -1468,32]}) ({Dragon 3.1 by Komodo Chess 64-bit: 2)} 33... Qxc2 34. Kg2 Re3 35. Qxc2 Rxc2 36. Nf4 hxg3 37. hxg3 Ra3 38. Nxd5 Raxa2 39. Kf3 Rxf2+ 40. Ke4 Rfe2+ 41. Kd4 Red2+ 42. Kc5 Rac2+ 43. Kd6 b4 44. Rh8 Ka4 45. Ra8+ Kb3 46. Rh8 Rd4 47. g4 Rxg4 48. Ke6 Re2+ 49. Kf7 Rd2 50. Ke6 Re4+ 51. Kd7 Kb2 {[%eval -742,32]}) 34. Kg2 Re2 35. Rf1 {mehr Widerstand leistet noch gxh4, Komodo -4,00} hxg3 36. hxg3 Qxd1 37. Rxd1 Rxa2 {Rest geschenkt} 0-1

[Event "Turnier 40 / 120"]
[Site "Wien"]
[Date "2023.??.??"]
[Round "43"]
[White "Tasc R40 V2.50 Phoenix"]
[Black "ChessGenius Exclusive 300 MHz"]
[Result "1-0"]
[WhiteElo "2401"]
[BlackElo "2405"]
[Annotator "Christian"]
[PlyCount "93"]
[EventDate "2023.??.??"]

{[%evp 0,44,19,29,55,56,96,89,79,59,49,37,67,32,32,30,56,3,-8,-7,-20,2,57,52,80,69,95,72,116,101,63,80,71,71,80,42,75,59,93,108,76,-34,-25,0,23,15,0]} 1. Nf3 c5 {Runde 43: Sizilianisch, ungarische Variante / Eine der allerschlechtesten Partien von MCGE, die ich jemals gesehen habe, das kann man nur noch mit einem einzigen Wort kommentieren: BLAMAGE !!! Tasc R40 V 2.5 schafft nach 14 sieglosen Runden den 2. Sieg in Folge und übernimmt sogar die Führung in der letzten Staffel. Stand: 25,5 : 17,5 für MCGE 300 MHZ (59,30 %)} 2. e4 g6 3. d4 cxd4 4. Qxd4 Nf6 5. Bb5 Nc6 6. Bxc6 bxc6 {***ENDE BUCH***} 7. e5 Nh5 {Buchbewertung MCGE: -0,21} 8. e6 {***ENDE BUCH***} Bg7 9. exf7+ {Buchbewertung Tasc R40 V 2.5: +0,13 / lt. Komodo steht Schwarz etwas besser mit ca. +0,60} Kxf7 10. Qa4 Ke8 $2 {das ist natürlich völliger Schwachsinn, den König wieder in die Ausgangslage und Brettmitte zu stellen, danach steht Weiss bereits klar besser, Komodo -1,00, Schwarz wäre gut beraten gewesen die "künstliche" Rochade anzustreben mittels Tf8, gefolgt von Kg8, danach wäre Schwarz etwas besser gestanden (der Textzug büsst gute 1,5 Bauerneinheiten !! ein)} ({GoldenEye Classic-avx2:} 10... Rf8 11. O-O Kg8 12. Re1 e6 13. Nc3 Qc7 14. Be3 Nf4 15. Ne2 Nh3+ 16. Kh1 e5 17. Qh4 d5 18. Bc5 Rf7 19. Qg3 e4 20. gxh3 Qxg3 21. hxg3 Rxf3 22. c3 a5 23. Kg2 a4 24. Nd4 Rf6 25. Rad1 Ba6 26. Be7 Rf7 27. Bc5 Bd3 28. g4 Rf6 29. b4 {[%eval -43,35]}) 11. Nc3 Bb7 12. Be3 c5 13. O-O-O Bxf3 14. gxf3 Bxc3 15. bxc3 {Schwarz gibt beide starken Fiancettoläufer auf, aber hier kein Vorwurf, selbst Komodo 13.02. hätte das so gemacht, Weiss steht noch etwas besser mit ca. +0,60, allerdings muss man schon sagen, die Bauernstruktur von Weiss ist eine echte Katastrophe die man auch nicht alle Tage sieht, mit 6 Isolanies !!!, davon 2 Doppelbauern, grauenhaft !} Rf8 16. Bxc5 {besser ist Td5} Rf4 17. Qa3 e6 18. Rhe1 Qc8 19. Bd6 {besser ist Te5} Rxf3 20. Rd3 $2 {ein schwacher Zug, der jeglichen Vorteil abgibt, danach ist die Stellung im Lot, Komodo 0,00, Vorteil versprach noch Da4 mit ca. +0,50} Rxf2 21. Qa4 Rf6 $2 {ein absoluter Verlustzug, danach ist die Partie sofort verloren, Komodo -4,00 !!, nötig war Kf7 mit Ausgleich, hier gewinnt die Fortsetzung Tf3 ! (auch Tasc R40 hätte Tf6 vorgeschlagen)} ({GoldenEye Classic-avx2:} 21... Kf7 22. Be5 d5 23. c4 dxc4 24. Rd6 Kg8 25. Bc3 Qe8 26. Qxc4 Qf7 27. Qc6 Rb8 28. Rdxe6 Ng7 29. Re7 Qf4+ 30. R7e3 Rf1 31. Qd5+ Qf7 32. Qd6 Rxe1+ 33. Rxe1 Rb7 34. Re4 h5 35. Rb4 Rxb4 36. Qxb4 Kh7 37. a4 g5 38. Qe4+ Nf5 39. a5 h4 40. Bd2 Kg6 41. a6 {[%eval 52,34]}) 22. Qd4 $2 {doch Tasc R40 kommt nicht auf den Gewinnzug, der Textzug verschenkt nahezu den gesamten Vorteil, Komodo nur noch +0,60 für Weiss (schon enttäuschend auch jede x-beliebige weit schwächere Engine wie z.B Ruffian, Rybka oder Dragon sehen den Gewinnzug innerhalb weniger Sekunden)} Qc6 23. c4 Rc8 24. c5 a6 $4 {ein Verlustzug, danach ist die Partie wieder klar verloren, Komodo -2,00 mit der Fortsetzung Tb3, deutlich besser ist Db5 oder Td8} 25. Rb3 $1 Qg2 {MCGE ist mit Blindheit geschlagen, Bewertung: +0,96 ??} 26. Rd1 {Tasc R40 V 2.5: +0,81 / allerdings nicht optimal, Komodo +1,50, deutlich stärker ist Kb2} Ra8 $2 {MCGE: +0,40 ?????? / also das ist einfach nur noch absurd, was bitte soll das bringen den Turm hier in die Ecke zu stellen ?, schon alleine dieser Zug verdient sich redlich die Niederlage, eigentlich sollte man danach sofort den Stecker ziehen, aber bei unseren Oldies kann man ja nicht sicher sein, ob sie sowas auch bestrafen, Tatsache jedenfalls ein ABSOLUTER VERLUSTZUG, danach ist alles vorbei, Komodo -4,50, nötig war Dd5 mit ca. -1,50, noch dazu wird dieser Zug nach vollen 10 Minuten !! Bedenkzeit gespielt, EINFACH UNFASSBAR !!!} 27. Kb2 $2 {ein ganz schlechter Zug, der den Vorteil von Weiss etwa halbiert, Komodo +2,30, sofort gewonnen hätte Le5} Qc6 $4 {einfach grottenschlecht, deutlich mehr Widerstand leistet Dd5, nach dem Textzug ist praktisch wieder alles aus, Komodo -4,00} 28. Kb1 $2 {ein grottenschlechter Zug, völlig sinnlos wird der König auf die Grundreihe gezogen, das ist einfach planlos und büsst 2,5 Bauerneinheiten !! ein, Komodo +1,50, sofort gewonnen hätte T1d3} a5 $2 {klar schwächer als Tc8, Komodo -2,00} 29. Rh3 Kf7 30. Be5 Rf5 $2 {weit schwächer als Db7+, Komodo -3,20} 31. Qxd7+ Qxd7 32. Rxd7+ Kf8 33. Rxh7 Re8 34. Bd6+ Kg8 {Komodo -4,00} 35. Ra7 $2 {weit schwächer als Tb7, Komodo +2,50} Rc8 36. Rxa5 Kf7 37. Ra7+ Kf6 38. Be7+ Kf7 $4 {ein grottenschlechter Zug, der 1,5 Bauerneinheiten einbüsst, nötig war Kg7, Komodo -4,00} 39. Re3 {ein schlechter Zug, der 1,5 Bauerneinheiten wieder retour gibt, aber gut der richtige Zug Ld6+ war für Tasc R40 nicht spielbar, da Stellungswiederholung und 0,00 aus seiner Sicht, lt. Komodo wäre es eine Fehlerkorrektur, Komodo +2,50} Ng7 $2 {es gibt nur 2 Möglichkeiten, um den E-Bauern zu decken und selbst da wird noch die weit schlechtere gewählt, der Springer sollte nach f4, Komodo -3,50} 40. Bd6+ {klar schwächer als a4, aber hier gewinnt praktisch schon jede plausible Fortsetzung, Komodo +2,70} Kf6 41. Re7 Rd5 42. Re4 Ra8 43. h4 Rd1+ 44. Kb2 Rd5 45. a4 Ra6 46. Kb3 Ra8 47. Kb4 {Rest geschenkt} 1-0

[Event "Turnier 40 / 120"]
[Site "Wien"]
[Date "2023.??.??"]
[Round "44"]
[White "ChessGenius Exclusive 300 MHz"]
[Black "Tasc R40 V2.50 Phoenix"]
[Result "1-0"]
[WhiteElo "2405"]
[BlackElo "2401"]
[Annotator "Christian"]
[PlyCount "65"]
[EventDate "2023.??.??"]

{[%evp 0,28,19,31,19,13,64,64,81,15,36,15,19,12,11,-5,26,39,38,33,30,34,23,19,29,26,30,44,57,58,63]} 1. d4 d5 {Runde 44: Damenbauernspiel, Mason Steinitz Gegengambit / In dieser Partie ist Tasc R40 V 2.5 nach einer schwachen Vorstellung chancenlos. / Stand: 26,5 : 17,5 für MCGE 300 MHZ (60,23 %)} 2. Bf4 c5 3. e3 Nc6 4. c3 Nf6 5. Nd2 Bf5 6. Ngf3 e6 {***ENDE BUCH***} 7. Qb3 {***ENDE BUCH***} Qd7 {Buchbewertung Tasc R40 V 2.5: -0,11} 8. Bb5 {Buchbewertung MCGE: +0,20 / lt. Komodo steht Weiss etwas besser mit ca. +0,50} Bd6 {besser ist c4, Komodo -0,90} 9. dxc5 {besser ist Lxd6, Komodo +0,50} Bxf4 10. exf4 O-O 11. Nd4 Nxd4 $2 {ein schwacher Zug, deutlich besser ist Dc7 mit Ausgleich, nach dem Textzug ist Weiss im Vorteil, Komodo -1,00} 12. cxd4 Qc7 13. g3 Qa5 {nicht ideal, besser ist b6, Komodo -1,30} ({GoldenEye Classic-avx2:} 13... b6 14. Rc1 a6 15. Be2 Rab8 16. c6 b5 17. Nf3 Ne4 18. O-O Rfc8 19. Qe3 Rb6 20. Ne5 f6 21. Nd3 Nd6 22. b3 Be4 23. g4 Rxc6 24. Rxc6 Qxc6 25. Rc1 Qe8 26. Nc5 e5 27. fxe5 fxe5 28. Nxe4 Rxc1+ 29. Qxc1 Nxe4 30. dxe5 Qxe5 31. Qc8+ Kf7 32. Qxa6 Qd4 33. Qb7+ Kf6 34. Qc6+ Ke7 35. Qc7+ Ke6 36. Qf4 b4 37. Kg2 g5 38. Qf3 Qd2 39. Bd3 Ke5 40. Bxe4 dxe4 {[%eval 75,48]}) 14. Qa4 Qc7 15. O-O a6 16. Be2 b5 $4 {das ist natürlich ganz schlecht, danach hat Weiss einen weit vorgerückten, gedeckten Freibauern, deutlich besser ist Tac8, danach ist die Partie praktisch schon verloren, Komodo -2,00} 17. Qd1 Rfb8 18. b4 a5 $2 {ein absoluter Verlustzug, danach ist die Partie bereits hoffnungslos verloren, Komodo -4,30 mit der Fortsetzung a4, deutlich mehr Widerstand leistet noch Se8 mit ca. -2,30} 19. a4 $1 axb4 20. axb5 Rxa1 21. Qxa1 Qb7 22. Qb2 Ra8 23. b6 Ra4 24. Rc1 Qc6 25. Bd1 Ra8 26. Ra1 Rf8 27. Qxb4 Rb8 {Komodo -12,00} 28. Nf3 Qc8 29. Ne5 Be4 30. c6 Ng4 31. c7 Nxe5 32. cxb8=R {[%emt 0:00:10] Komodo Matt in} Qxb8 33. b7 {Rest geschenkt} 1-0

[Event "Turnier 40 / 120"]
[Site "Wien"]
[Date "2023.??.??"]
[Round "45"]
[White "Tasc R40 V2.50 Phoenix"]
[Black "ChessGenius Exclusive 300 MHz"]
[Result "0-1"]
[WhiteElo "2401"]
[BlackElo "2405"]
[Annotator "Christian"]
[PlyCount "142"]
[EventDate "2023.??.??"]

{[%evp 0,33,19,-12,19,24,13,11,51,34,45,35,35,9,40,39,11,-5,24,-15,-6,-20,-1,-12,7,-19,0,21,27,14,62,-12,10,16,45,34]} 1. c4 {Buchende} b6 {Runde 45: Englisch Symmetrisch / Erneute eine Variante in der der Tasc R40 V 2.5 mit nur einem Buchzug auskommen muss, im Mittelspiel entschliesst er sich wieder zu einem Bauernopfer, diesmal hat er aber schon Kompensation dafür durch Entwicklungsvorsprung, nach einer Ungenauigkeit von MCGE verpasst er es dann sogar in Vorteil zu gelangen, in der weiteren Folge wird dann aus Sicht des Tasc R40 leider abgetauscht ohne entsprechenden Angriff und es kommt wieder einmal zu dem gefürchteten Turmendspiel mit einem Mehrbauern für den MCGE, das braucht man dann nicht mehr zu kommentieren, es ist wie das Amen im Gebet. Stand: 27,5 : 17,5 für MCGE 300 MHZ (61,11 %)} 2. Nf3 {Buchbewertung Tasc R40 V 2.5: +0,37} Bb7 3. Nc3 c5 4. e3 g6 {Buchende} 5. d4 Bg7 {Buchbewertung MCGE: -0,21 / lt. Komodo steht Weiss etwas besser mit ca. +0,60} 6. Bd3 {besser ist d5, nach dem Textzug ist die Stellung im Lot} cxd4 7. exd4 Bxf3 8. Qxf3 Nc6 9. O-O $2 {dieses Bauerngeschenk bewertet Komodo zwar nicht katastrophal überraschenderweise nur mit +0,30 für Schwarz, dennoch völlig unnötig verliert einfach wieder einen starken Zentrumsbauern, für mich indiskutabel, warum nicht einfach d5 ?} Nxd4 {klar und danke !} 10. Qg3 {Tasc R40 V2.5, schätzt sich trotz des Minusbauern besser ein: +0,55} Rc8 {aber auch MCGE überbewertet diesen Bauerngewinn NICHT, und sieht sich nur hauchdünn mit +0,18 im Vorteil und das entspricht auch der Einschätzung von Komodo, Weiss hat schon Kompensation für den Bauern durch Entwicklungsvorsprung} 11. Be3 Nc6 12. Rad1 Be5 {ein sinnloser Zug, der jeglichen Vorteil verspielt, Komodo 0,00, deutlich besser ist natürlich logische Entwicklung mit Sf6} 13. Bf4 Bxc3 14. bxc3 Nf6 $2 {ein schlechter Zug, danach steht Weiss bereits besser und kann mit dem lästigen Zug Lh6 ! die Rochade verhindern, Komodo -0,70, deutlich besser ist d6 oder Sa5 mit Ausgleich} 15. Qf3 $2 {verpasst das weit stärkere Lh6, nach dem Textzug ist Schwarz wieder leicht im Vorteil mit der Fortsetzung 0-0, Komodo -0,30} Nh5 {etwas schwächer als 0-0 jetzt vertreibt Schwarz den Läufer nach h6 und die Rochade wird verhindert, dafür hat er aber Se5 und kann in der Folge den Läufer d3 nehmen und Weiss um das Läuferpaar bringen, daher ist die Stellung hier im Lot, Komodo 0,00} 16. Bh6 Ne5 17. Qe2 Nxd3 18. Qxd3 Rc6 19. Rfe1 Qc8 20. Qe4 Re6 21. Qd4 Rg8 22. Bg5 $4 {ein Verlustzug, danach ist die Partie praktisch schon verloren, Komodo -1,50, nötig war g4 und die Stellung wäre im Lot gewesen.} Ng7 $1 23. Qh4 {besser ist noch Txe6, Komodo -2,00} h5 24. Qd4 Rxe1+ 25. Rxe1 Ne6 26. Qd5 Nxg5 $2 {ein schwacher Zug, weit besser ist f6, Komodo +1,00} 27. Qxg5 e6 28. Re4 $2 {ein ganz schlechter Zug, der die Partie bereits verliert, Komodo -1,80, nötig war Dg3 mit ca. -1,00} ({GoldenEye Classic-avx2:} 28. Qg3 Qb7 29. Rd1 g5 30. Rd4 Ke7 31. Qd6+ Kd8 32. Qg3 h4 33. Rxh4 Qc7 34. Qxc7+ Kxc7 35. Rg4 f5 36. Rg3 Kd6 37. f3 Ke7 38. h4 Kf6 39. Kf2 Rg7 40. hxg5+ Rxg5 41. Rh3 Ke7 42. Rh4 Kd6 43. g3 Kc7 44. a4 Kd6 45. Rd4+ Kc6 46. Rf4 Kc5 47. g4 fxg4 48. fxg4 e5 49. Re4 Kd6 50. Kg3 Rg8 51. Kh4 Ke6 {[%eval -54,36]}) 28... Qc5 29. Qxc5 {besser ist noch Dg3, hier kann man schon den Stecker ziehen, ein Turmendspiel mit Mehrbauer für den MCGE, wie wird es wohl enden ?, Komodo -2,00, der Rest muss nicht mehr kommentiert werden, es endet wohl wie immer.} bxc5 30. Re2 Ke7 31. Rb2 Kd6 32. Kf1 Rc8 33. Ke2 Rc6 34. Rd2+ Ke7 35. Ke3 Ra6 36. h4 Ra3 37. Rc2 f6 38. Kd2 e5 39. Kd3 Ke6 40. f3 Kf5 41. Ke2 d6 42. g3 g5 43. hxg5 fxg5 44. Kf2 g4 45. fxg4+ Kxg4 46. Rd2 Ra6 47. a4 Rxa4 48. Rxd6 Rxc4 49. Rg6+ Kf5 50. Rh6 Kg5 51. Re6 e4 52. Re5+ Kg4 53. Re8 a5 54. Rg8+ Kf5 55. Rh8 Rxc3 56. Rxh5+ Ke6 57. g4 a4 58. Rh6+ Kd5 59. Ra6 a3 60. g5 Rf3+ 61. Kg2 Rf5 62. g6 Rg5+ 63. Kf2 Kd4 64. Rd6+ Kc3 65. Ra6 Kb4 66. Ke2 c4 67. Ke3 c3 68. Rb6+ Ka5 69. Rb1 c2 70. Ra1 Kb4 71. Kxe4 Kb3 {Rest geschenkt} 0-1

[Event "Turnier 40 / 120"]
[Site "Wien"]
[Date "2023.??.??"]
[Round "46"]
[White "ChessGenius Exclusive 300 MHz"]
[Black "Tasc R40 V2.50 Phoenix"]
[Result "1-0"]
[WhiteElo "2405"]
[BlackElo "2401"]
[Annotator "Christian"]
[PlyCount "104"]
[EventDate "2023.??.??"]

{[%evp 0,30,28,25,46,48,80,77,75,66,57,24,56,40,79,68,69,20,28,3,-1,-1,11,7,-9,-11,11,-6,-17,-12,-26,-23,-13]} 1. e4 c5 {Runde 46: Sizilianisch / Im Mittelspiel kann Tasc R40 V 2.5 einen Bauern gewinnen, aufgrund von kleineren Ungenauigkeiten kann er aber keinen Vorteil erspielen und MCGE erlangt Ausgleich, im Endspiel macht dann Tasc R40 V 2.5 eine schlechte Figur und ist seinem Gegner klar unterlegen, MCGE macht einen grossen Schritt auch auf Gewinn der letzten Staffel. / Stand: 28,5 : 17,5 für MCGE 300 MHZ (61,96 %)} 2. Nf3 d6 {Buchende} 3. Nc3 Nf6 4. d4 cxd4 5. Nxd4 a6 {Tasc R40 V 2.5 wieder im Buch} 6. Be2 Nbd7 {Buchende} 7. Be3 {Buchende} e5 {Buchbewertung Tasc R40 V 2.5: -0,72} 8. Nf3 $2 {Buchbewertung MCGE: +0,28 / gleich der 1. berechnete Zug ist nicht ideal und bringt keinerlei Vorteil für Weiss, Komodo 0,00 / nach 8. Sf5 wäre Weiss mit ca. +0,70 im Vorteil gewesen.} b5 9. a4 b4 10. Nd5 Bb7 11. O-O Nxd5 12. exd5 Qa5 13. Bc4 Nf6 14. Re1 {klar vorzuziehen ist c3} Bxd5 15. Bxd5 $2 {ein schwacher Zug, danach ist Schwarz bereits im Vorteil, Komodo -0,60, besser ist sowohl Sd2 als auch Lb6 beides mit Ausgleich} Qxd5 16. Bg5 {auch nicht ideal besser ist sowohl De2 als auch Ld2, Komodo -0,80} Rc8 {etwas besser ist Dxd1, Komodo +0,60} 17. Bxf6 Qxd1 18. Raxd1 gxf6 19. Re2 Kd7 20. g3 Rg8 21. Kf1 Bg7 22. Ne1 {besser ist Sh4} Bh6 $2 {ein schwacher Zug, der jeglichen Vorteil verspielt, danach ist die Stellung im Lot, nötig war entweder Tc6 oder Tc5 mit ca. +0,80 für Schwarz} 23. Re4 $1 a5 24. Rd5 {besser ist Th4} Rc5 {eine bessere Alternative ist Ta8} 25. Rxc5 dxc5 26. Rh4 Rg6 27. Nd3 Kc6 28. b3 Kd5 29. Nb2 f5 30. Nc4 Rf6 $2 {ein schwacher Zug, danach ist Weiss klar im Vorteil, Komodo -1,00, nötig war e4 mit Ausgleich} 31. Nxa5 e4 32. Nc4 Kd4 33. Ke2 Kc3 $2 {ein schwacher Zug, deutlich mehr Widerstand leistet f4, Komodo -1,30} 34. Kd1 f4 35. gxf4 Bxf4 36. Rh3+ Kd4 37. Rxh7 Kc3 $2 {ein schlechter Zug, danach ist die Partie praktisch schon verloren, Komodo -2,00, deutlich besser ist Lc7} ({GoldenEye Classic-avx2:} 37... Bc7 38. Ke2 Kc3 39. Ne3 Kb2 40. Rh5 Rc6 41. Kd1 f6 42. Nc4+ Kb1 43. a5 Be5 44. Rh4 Bc3 45. Rxe4 f5 46. Rf4 Rc7 47. Rxf5 Rd7+ 48. Ke2 Kxc2 49. Rxc5 Kxb3 50. f4 Bd4 51. Rc8 Ka4 52. Kf3 b3 53. h4 Re7 54. Nd2 Be3 55. Nxb3 Kxb3 56. a6 Bd4 57. h5 Kb4 58. Rd8 Ba7 59. h6 Rh7 {[%eval 58,33]}) 38. Rh3+ Kd4 39. Rh4 Bb8 40. Ke2 Re6 41. Rh5 {deutlich schwächer als a5, Komodo +1,50} Ra6 $2 {ein absoluter Verlustzug, danach ist alles aus, Komodo -3,30 mit der Fortsetzung Se3, nötig war Kc3} 42. Ne3 Be5 43. Kd2 Rf6 44. Nf5+ {besser ist Tf5, aber auch nach dem Textzug gewinnt Weiss leicht, Komodo +3,00} Kd5 45. Ke3 Kc6 46. Kxe4 {ein 2. Mehrbauer für Weiss entscheidet wohl die Partie schon endgültig, Komodo -3,60} Re6 47. h4 Bf6+ 48. Kf3 Kd7 49. Rh6 Ra6 50. h5 {da ist nichts mehr zu retten für Schwarz, Komodo -8,00} Re6 51. Ne3 Bg7 52. Rxe6 fxe6 {Weiss hat auf beiden Brettende einen Freibauern und mit dem Springer eine Figur die, die Farbe wechseln kann und die Bauern unterstützen kann, der schwarze König kann nicht auf beiden Seiten gleichzeitig sein, daher absolut hoffnungslos, ergo Userentscheid: 1-0} 1-0